| 000 | 00373nam a2200133 a 4500 | ||
|---|---|---|---|
| 008 | 970516s2001||||xx 0 und c | ||
| 040 |
_aSNK _bslo _cSNK _eAACR2 |
||
| 245 | 1 | 0 |
_aGeografické práce. Roč.9 č.1 _bTransformácia priemyslu v regióne Šraiša |
| 260 |
_aPrešov _bFHPV _c2001 |
||
| 100 | 1 | _aPopjaková, Dagmar | |
| 044 |
_axo _cSK |
||
| 041 | _aslo | ||
| 020 | _c10 | ||
| 999 |
_c15277 _d15277 |
||